000
00276nam a22001217a 4500
008
170922b xxu||||| |||| 00| 0 eng d
041
_a
eng
080
_a
902
100
_a
45
101
_a
002-2927102
245
_a
THE SEARCH FOR THE ETRUSCANS
_c
WELLARD, J
942
_2
udc
_c
BK
999
_c
28926
_d
28926